Diseases - Statistics

General Stats
  • This quiz has been taken 145 times
    123 since last reset
  • The average score is 7 of 12
Answer Stats
Hint Answer % Correct
Disease that affects your blood sugar levels diabetes
97%
This disease can infect your liver, lung, breast or skin cancer
84%
Brain disorder that causes seizures epilepsy
83%
Disease that turns skin yellow Jaundice
82%
What HIV, Gonorrhoea and chlamydia is STD
82%
Disease eradicated in 1980 smallpox
71%
Disease that causes the redness of the eye conjunctivitis
64%
Skin disease caused by fungi and appears in circular patches Ringworm
41%
Disease passed from Mammals to Humans Rabies
39%
Disease caused by lack of oxygen to the brain Stroke
26%
Know as HFMD and usually affects younger children hand foot and mouth disease
2%
Know as the deadliest disease in the world. It narrows the blood vessels to your heart (CAD) Coronary Artery Disease
0%
No matching quizzes found
Score Distribution
Percent of People with Each Score
Percentile by Number Answered
Your Score History
You have not taken this quiz since the last reset